Statistics for Where is this city #2

Click here to take the quiz!

General Stats

  • This quiz has been taken 1,606 times
    (1,602 since last reset)
  • The average score is 12 of 18

Answer Stats

CityCountry% Correct
ZagrebCroatia
87%
CorkIreland
85%
LjubljanaSlovenia
85%
UlaanbaatarMongolia
82%
OdesaUkraine
78%
TbilisiGeorgia
77%
MurmanskRussia
73%
DurbanSouth Africa
73%
Belo HorizonteBrazil
72%
ColomboSri Lanka
70%
GrazAustria
62%
GijonSpain
62%
Port of SpainTrinidad and Tobago
60%
OuagadougouBurkina Faso
54%
AbidjanCote d'Ivoire
44%
KaoshiungTaiwan
40%
BredaThe Netherlands
32%
JajceBosnia and Herzegovina
27%

Score Distribution

Percentile by Number Answered

Percent of People with Each Score

Your Score History

You have not taken this quiz since the last reset